Manual integrado de diseño y construcción / (Registro nro. 9868)
[ vista simple ]
| 000 -LEADER | |
|---|---|
| Campo de control de longitud fija | 02354nam a22002897a 4500 |
| 003 - IDENTIFICADOR DEL NÚMERO DE CONTROL | |
| Campo de control | PE SENCICO BE |
| 005 - FECHA Y HORA DE LA ÚLTIMA TRANSACCIÓN | |
| Campo de control | 20260415155819.0 |
| 008 - ELEMENTOS DE LONGITUD FIJA - INFORMACIÓN GENERAL | |
| Campo de control de longitud fija | 260415b |||||||| |||| 00| 0 eng d |
| 020 ## - ISBN | |
| ISBN | 958-658-1 (OBRA COMPLETA) |
| 040 ## - FUENTE DE CATALOGACIÓN | |
| Origen de catalogación | PE SENCICO BE |
| Agencia que realiza la transcripción | PE SENCICO BE |
| 041 ## - CÓDIGO DE IDIOMA | |
| Idioma del texto | spa |
| 082 ## - NÚMERO DE CLASIFICACIÓN DECIMAL DEWEY | |
| Código de Clasificación Dewey | 690 |
| Notación Interna | M |
| Año de la edición | 1997 |
| 245 1# - MENCIÓN DEL TITULO | |
| Título | Manual integrado de diseño y construcción / |
| Mención de responsabilidad | editores: Jonathan Ricketts T., Merritt Frederick S. ; traductor: Eduardo Carriazo Paz |
| 250 ## - MENCIÓN DE EDICIÓN | |
| Edición | 5a ed. |
| 260 ## - PUBLICACIÓN, DISTRIBUCIÓN, ETC. (PIE DE IMPRENTA) | |
| Lugar de publicación, distribución, etc. | Bogotá : |
| Nombre de la Editorial, Distribuidor, etc. | Mc Graw-Hill; |
| Fecha de publicación, distribución, etc. | 1997 |
| 300 ## - DESCRIPCIÓN FÍSICA | |
| Paginación | tomos : |
| Otros detalles físicos | cuadros, gráficos ; |
| Dimensión | 24 cm. |
| 505 0# - NOTA DE CONTENIDO CON FORMATO PREESTABLECIDOE | |
| Contenido o índice | Tomo 1: Sistemas de construcción -- Equipo de construcción -- Administración de procesos de construcción -- Protección contra siniestros -- Materiales de construcción, -- Teoría estructural – Tomo 2: Mecánica de suelos y cimentaciones – Construcción en acero estructural -- Construcción en acero conformado en frío -- Construcción en hormigón -- Construcción en madera – Tomo 3: Muros, pisos y sistemas de cielos rasos – Sistemas de cubierta – Calefacción, ventilación y aire acondicionado – Instalaciones sanitarias – tomo 4: Sistemas eléctricos – Circulación vertical - Administración de proyectos de construcción – Levantamiento de planos para la construcción de un edificio – Cálculo de costos de construcción. |
| 520 3# - NOTA DE RESUMEN, ETC. | |
| Resumen, etc. | Proporciona una amplia visión general de los procesos de construcción, haciéndose énfasis en la información de las más recientes prácticas recomendadas, incluyendo innovaciones de las pruebas de diseño y construcción, con el propósito de cumplir con la competencia mundial, la necesidad de reducir el impacto ambiental de los nuevos edificios y de las actividades de construcción, la necesidad de lograr mayor eficiencia en el uso de la energía, y proteger la propiedad contra posibles riesgos, procurar la salud, el bienestar y la seguridad de los ocupantes y los incapacitados, en situaciones ordinarias y de emergencia |
| 650 10 - ASIENTO SECUNDARIO DE MATERIA - TERMINO TEMÁTICO | |
| Término de tema o elemento de entrada de nombre geográfico | Sistemas constructivos |
| 9 (RLIN) | 587 |
| 650 20 - ASIENTO SECUNDARIO DE MATERIA - TERMINO TEMÁTICO | |
| Término de tema o elemento de entrada de nombre geográfico | Tecnología de la construcción |
| 650 20 - ASIENTO SECUNDARIO DE MATERIA - TERMINO TEMÁTICO | |
| Término de tema o elemento de entrada de nombre geográfico | Materiales de construcción |
| 9 (RLIN) | 308 |
| 700 1# - ASIENTO SECUNDARIO--NOMBRE PERSONAL | |
| Autor Personal | Frederick S., Merritt |
| 9 (RLIN) | 124 |
| Término de relación | editor |
| 700 1# - ASIENTO SECUNDARIO--NOMBRE PERSONAL | |
| Autor Personal | Ricketts, Jonathan T. |
| 9 (RLIN) | 622 |
| Término de relación | editor |
| 700 ## - ASIENTO SECUNDARIO--NOMBRE PERSONAL | |
| Autor Personal | Carriazo Paz, Eduardo |
| 9 (RLIN) | 623 |
| Término de relación | traductor |
| 910 ## - RESPONSABLE DEL REGISTRO | |
| Coordinador de procesamiento de la información | hfp |
| 942 ## - ELEMENTOS DE KOHA | |
| Fuente de clasificación o esquema de estanterías | Dewey Decimal Classification |
| Tipo de documento | Libros |
| 999 ## - | |
| -- | 9868 |
| -- | 9868 |
| Estado Retiro | Estado Perdido | Sistema de Clasificación o Esquema de Estantería | Estado Dañado | No es para préstamo | Ubicación Permanente | Ubicación Actual | Fecha de adquisición | Total Checkouts | Signatura topográfica completa | Código de Barras | Date last seen | Precio efectivo desde | Tipo de ítem |
|---|---|---|---|---|---|---|---|---|---|---|---|---|---|
| Dewey Decimal Classification | Biblioteca Tacna | Biblioteca Tacna | 15/04/2026 | 690/M/1997 | BibZtacn26042605 | 15/04/2026 | 15/04/2026 | Libros |